| 000 | 00589nam a2200193Ia 4500 | ||
|---|---|---|---|
| 003 | LK-CoDNM | ||
| 008 | 010623t1998 xxu||||| |||| 00| 1 sin d | ||
| 040 |
_aLK-CoDNM _dLK-CoDNM _eLK-CoDNM |
||
| 041 | _asin | ||
| 080 |
_a398 _bGUN |
||
| 100 | _aGunatilake, Bhadra | ||
| 245 | _aමෙනේරි බත් ඉදෙනතුරු හීන දැකීම හා තවත් කථා | ||
| 246 | _aMeneri bath idenathuru heena dekeema haa thawath katha | ||
| 260 |
_bS.Godage _aColombo _c1998 |
||
| 300 | _b125, 21 cm | ||
| 650 | _aCulture | ||
| 650 | _aFolktales | ||
| 942 | _cBK | ||
| 999 |
_c119083 _d119083 |
||